[Event "COL-ch U26 (Women)"]
[Site "Medellin"]
[Date "2018.10.20"]
[Round "5"]
[White "Cespedes Galindo, Estefania"]
[Black "Alarcon Paba, Rosa Llena"]
[Result "1/2-1/2"]
[WhiteElo "1774"]
[BlackElo "1509"]
[PlyCount "34"]
[EventDate "2018.10.18"]
[EventType "swiss"]
[EventRounds "6"]
[EventCountry "COL"]
[SourceTitle "CBM 187 Extra"]
[Source "ChessBase"]
[SourceDate "2018.11.04"]
[SourceVersion "1"]
[SourceVersionDate "2018.11.04"]
[SourceQuality "1"]

1. d4 Nf6 2. Bg5 Ne4 3. Bf4 d5 4. Nd2 Bf5 5. Ngf3 e6 6. e3 Nd7 7. Nxe4 Bxe4 8. Bd3 Nf6 9. 0-0 Be7 10. Ne5 0-0 11. c4 Bxd3 12. Qxd3 Nh5 13. Bg3 Nxg3 14. hxg3 f6 15. Nf3 c6 16. a3 dxc4 17. Qxc4 Qd5 1/2-1/2

[Event "COL-ch U26 (Women)"]
[Site "Medellin"]
[Date "2018.10.19"]
[Round "3"]
[White "Alarcon Paba, Rosa Llena"]
[Black "Ocampo Betancur, Cristina Angela"]
[Result "0-1"]
[WhiteElo "1509"]
[BlackElo "1753"]
[PlyCount "34"]
[EventDate "2018.10.18"]
[EventType "swiss"]
[EventRounds "6"]
[EventCountry "COL"]
[SourceTitle "CBM 187 Extra"]
[Source "ChessBase"]
[SourceDate "2018.11.04"]
[SourceVersion "1"]
[SourceVersionDate "2018.11.04"]
[SourceQuality "1"]

1. e4 e5 2. Nf3 Nc6 3. d4 exd4 4. Nxd4 Bb4+ 5. c3 Bc5 6. Be3 Bb6 7. Qg4 Qf6 8. Nb5 Bxe3 9. fxe3 Kd8 10. Qf4 d6 11. Bc4 Be6 12. Nd2 Ne5 13. Na3 Bxc4 14. Naxc4 Nd3+ 15. Ke2 Nxf4+ 16. exf4 Qxf4 17. g3 Qg4+ 0-1

[Event "COL-ch Universities (Women)"]
[Site "Bogota"]
[Date "2015.10.07"]
[Round "5"]
[White "Gonzalez, Angela Orfilia"]
[Black "Alarcon Paba, Rosa Llena"]
[Result "0-1"]
[WhiteElo "2007"]
[BlackElo "1509"]
[PlyCount "108"]
[EventDate "2015.10.05"]
[EventType "swiss"]
[EventRounds "6"]
[EventCountry "COL"]
[SourceTitle "CBM 168 Extra"]
[Source "ChessBase"]
[SourceDate "2015.10.29"]
[SourceVersion "1"]
[SourceVersionDate "2015.10.29"]
[SourceQuality "1"]

1. e4 e5 2. d4 exd4 3. Qxd4 Nc6 4. Qe3 Nf6 5. Nc3 Bb4 6. Bd2 d6 7. Bc4 Bc5 8. Qf4 Ne5 9. Bb3 Nh5 10. Qg5 Qxg5 11. Bxg5 Be6 12. Nd5 Bxd5 13. exd5 0-0 14. f3 h6 15. Bd2 a5 16. 0-0-0 a4 17. Bxa4 Rxa4 18. Ne2 Rxa2 19. Nc3 Ra1+ 20. Nb1 Nc4 21. c3 Nxd2 22. Kxd2 Re8 23. Kd3 Nf4+ 24. Kc4 Nxg2 25. Kb3 Ra6 26. c4 Rb6+ 27. Kc3 Re3+ 28. Rd3 Rxd3+ 29. Kxd3 Rxb2 30. Nc3 Nf4+ 31. Ke4 Ne2 32. Nb5 f5+ 33. Kxf5 Nd4+ 34. Nxd4 Bxd4 35. Re1 Be5 36. f4 Rf2 37. Re4 Bxf4 38. Rxf4 Rxf4+ 39. Kxf4 Kf7 40. h4 Kf6 41. Kg4 g6 42. Kf4 g5+ 43. hxg5+ hxg5+ 44. Kg4 Ke5 45. Kxg5 Kd4 46. Kf6 Kxc4 47. Ke6 b5 48. Kd7 Kxd5 49. Kxc7 b4 50. Kb6 b3 51. Kb5 b2 52. Ka4 b1Q 53. Ka3 Kc4 54. Ka4 Qb4# 0-1

[Event "COL-ch Universities (Women)"]
[Site "Bogota"]
[Date "2015.10.05"]
[Round "1"]
[White "Velez Alvarez, Laura Camila"]
[Black "Alarcon Paba, Rosa Llena"]
[Result "1-0"]
[WhiteElo "1829"]
[BlackElo "1509"]
[PlyCount "89"]
[EventDate "2015.10.05"]
[EventType "swiss"]
[EventRounds "6"]
[EventCountry "COL"]
[SourceTitle "CBM 168 Extra"]
[Source "ChessBase"]
[SourceDate "2015.10.29"]
[SourceVersion "1"]
[SourceVersionDate "2015.10.29"]
[SourceQuality "1"]

1. e4 e5 2. Nf3 Nc6 3. Bb5 Nge7 4. 0-0 a6 5. Ba4 d6 6. c3 b5 7. Bc2 Bg4 8. h3 Bh5 9. d4 Bxf3 10. Qxf3 exd4 11. Bb3 Ne5 12. Qe2 d3 13. Qd1 c5 14. f4 N5c6 15. c4 Na5 16. Qxd3 Qb6 17. Nc3 bxc4 18. Bxc4 Nxc4 19. Qxc4 Qc6 20. Be3 Nc8 21. Qd5 Qxd5 22. Nxd5 Ra7 23. Rfd1 Be7 24. Nxe7 Kxe7 25. e5 Rc7 26. Rd5 Ke6 27. Rad1 Rd8 28. Bxc5 Ne7 29. Rxd6+ Rxd6 30. Rxd6+ Kf5 31. Be3 a5 32. Kf2 f6 33. g4+ Kg6 34. f5+ Kf7 35. e6+ Ke8 36. Bb6 Rc2+ 37. Ke3 Nc8 38. Rd8+ Ke7 39. Bxa5 Rc5 40. Bb4 Kxd8 41. Bxc5 g6 42. b4 Ne7 43. Bxe7+ Kxe7 44. Kd4 Kd6 45. a4 1-0

[Event "San Andres Islas Caribe-ch (Women)"]
[Site "San Andres Islas"]
[Date "2015.05.07"]
[Round "5"]
[White "Perez Oliveros, Maria Jose"]
[Black "Alarcon Paba, Rosa Llena"]
[Result "0-1"]
[WhiteElo "1424"]
[BlackElo "1504"]
[PlyCount "54"]
[EventDate "2015.05.05"]
[EventType "swiss"]
[EventRounds "6"]
[EventCountry "COL"]
[SourceTitle "CBM 166 Extra"]
[Source "ChessBase"]
[SourceDate "2015.06.18"]
[SourceVersion "1"]
[SourceVersionDate "2015.06.18"]
[SourceQuality "1"]

1. d4 d5 2. e3 Nc6 3. c4 Nf6 4. cxd5 Qxd5 5. Nc3 Qd8 6. h3 e5 7. Bb5 Bd7 8. dxe5 Nxe5 9. Bxd7+ Qxd7 10. Qxd7+ Nexd7 11. Nb5 Bb4+ 12. Bd2 Bxd2+ 13. Kxd2 Ne4+ 14. Ke2 0-0 15. Rd1 Ndf6 16. f3 Ng3+ 17. Ke1 Nxh1 18. Ne2 Rfd8 19. Rc1 c6 20. Nbc3 Nd5 21. Nxd5 Rxd5 22. e4 Rd6 23. b4 Rad8 24. a3 h5 25. a4 h4 26. b5 Ng3 27. Nxg3 hxg3 0-1

[Event "San Andres Islas Caribe-ch (Women)"]
[Site "San Andres Islas"]
[Date "2015.05.05"]
[Round "2"]
[White "Alarcon Paba, Rosa Llena"]
[Black "Dominguez, Daniela"]
[Result "1-0"]
[WhiteElo "1504"]
[BlackElo "1328"]
[PlyCount "55"]
[EventDate "2015.05.05"]
[EventType "swiss"]
[EventRounds "6"]
[EventCountry "COL"]
[SourceTitle "CBM 166 Extra"]
[Source "ChessBase"]
[SourceDate "2015.06.18"]
[SourceVersion "1"]
[SourceVersionDate "2015.06.18"]
[SourceQuality "1"]

1. e4 e5 2. Nf3 Nc6 3. d4 d6 4. dxe5 dxe5 5. Qxd8+ Nxd8 6. Nxe5 Nf6 7. Nc3 Bd6 8. Nd3 Be6 9. e5 Bxe5 10. Nxe5 0-0 11. Be2 Bf5 12. Bg5 Ne6 13. Bxf6 gxf6 14. Nd7 Rfd8 15. Nxf6+ Kg7 16. Nh5+ Kf8 17. 0-0 Bxc2 18. Bd1 Rd2 19. Bxc2 Rxc2 20. Rab1 Re8 21. Nf6 Re7 22. Ncd5 c6 23. Nxe7 Kxe7 24. Nxh7 Nd4 25. Rfe1+ Ne2+ 26. Kf1 Kd6 27. Rxe2 Rxe2 28. Kxe2 1-0